Where do I sleep? : a Pacific Northwest lullaby / ... Read More
Available copies
- 1 of 1 copy available at LARL/NWRL Consortium. (Show)
- 1 of 1 copy available at Northwest Regional Library.
Current holds
0 current holds with 1 total copy.
Show Only Available Copies
| Location | Call Number / Copy Notes | Barcode | Shelving Location | Status | Due Date |
|---|---|---|---|---|---|
| Godel Memorial-Warren Library | e BLO (BOARD BOOK) (Text) | 35500006841967 | Main | Available | - |
Record details
- ISBN: 9781632170194
- ISBN: 1632170191
- Physical Description: 1 volume (unpaged) : color illustrations ; 16 cm
- Publisher: [Seattle] : Little Bigfoot/Sasquatch Books, [2015]
Content descriptions
| General Note: | On board pages. |
| Summary, etc.: | Learn about the sleeping patterns of Pacific ... Read More |
Search for related items by subject
| Subject: | Sleep > Juvenile fiction. Animals > Juvenile fiction. Board books. Animals > Infancy > Fiction Sleep > Fiction Lullabies Stories in rhyme Pacific Northwest > Fiction Animals Sleep |
| Genre: | Novels Board books Fiction Juvenile works Board books. Fiction. Novels. |
| LDR | 03008cam a2200721 i 4500 | ||
|---|---|---|---|
| 001 | 453591 | ||
| 003 | LARL_NWRL_CONSORTIUM | ||
| 005 | 20250109143136.0 | ||
| 008 | 141217s2015 waua j 000 1 eng d | ||
| 007 | ta | ||
| 010 | . | ‡a 2001020940 | |
| 040 | . | ‡aYDXCP ‡beng ‡erda ‡cYDXCP ‡dBTCTA ‡dBDX ‡dOCLCQ ‡dDCH ‡dOCLCO ‡dLE@ ‡dOCLCO ‡dOCLCF ‡dOCLCO ‡dZPP ‡dOCLCO ‡dAU@ ‡dOEI ‡dT3H ‡dCN5O3 ‡dOCLCQ ‡dOCLCO ‡dCNWLU ‡dCHILD ‡dOCLCQ ‡dJDP ‡dOCLCO ‡dOCLCQ ‡dOCLCO ‡dYXF ‡dOCLCO ‡dOCL ‡dOCLCO ‡dOCLCL ‡dOCLCQ ‡dOCLCO ‡dOCLCQ ‡dIG# | |
| 019 | . | ‡a921822463 ‡a933443073 | |
| 020 | . | ‡a9781632170194 ‡q(board books) | |
| 020 | . | ‡a1632170191 ‡q(board books) | |
| 035 | . | ‡a(OCoLC)898228459 ‡z(OCoLC)921822463 ‡z(OCoLC)933443073 | |
| 082 | 0 | 4. | ‡a813.6 ‡223 |
| 100 | 1 | . | ‡aBlomgren, Jennifer, ‡eauthor. ‡1https://id.oclc.org/worldcat/entity/E39PCjG88kQtx3xrCbC9D9bFmm |
| 245 | 1 | 0. | ‡aWhere do I sleep? : ‡ba Pacific Northwest lullaby / ‡cJennifer Blomgren ; illustrated by Andrea Gabriel. |
| 246 | 3 | 0. | ‡aPacific Northwest lullaby |
| 264 | 1. | ‡a[Seattle] : ‡bLittle Bigfoot/Sasquatch Books, ‡c[2015] | |
| 300 | . | ‡a1 volume (unpaged) : ‡bcolor illustrations ; ‡c16 cm | |
| 336 | . | ‡atext ‡btxt ‡2rdacontent | |
| 336 | . | ‡astill image ‡bsti ‡2rdacontent | |
| 337 | . | ‡aunmediated ‡bn ‡2rdamedia | |
| 338 | . | ‡avolume ‡bnc ‡2rdacarrier | |
| 380 | . | ‡aFiction | |
| 500 | . | ‡aOn board pages. | |
| 520 | . | ‡aLearn about the sleeping patterns of Pacific Northwest baby animals. | |
| 650 | 0. | ‡aSleep ‡vJuvenile fiction. ‡0(LARL_NWRL_CONSORTIUM)175104 | |
| 650 | 0. | ‡aAnimals ‡vJuvenile fiction. ‡0(LARL_NWRL_CONSORTIUM)162061 | |
| 650 | 0. | ‡aBoard books. ‡0(LARL_NWRL_CONSORTIUM)162180 | |
| 650 | 1. | ‡aAnimals ‡xInfancy ‡vFiction | |
| 650 | 1. | ‡aSleep ‡vFiction | |
| 650 | 1. | ‡aLullabies ‡0(LARL_NWRL_CONSORTIUM)24854 | |
| 650 | 1. | ‡aStories in rhyme ‡0(LARL_NWRL_CONSORTIUM)162453 | |
| 651 | 1. | ‡aPacific Northwest ‡vFiction | |
| 650 | 7. | ‡aAnimals ‡2fast ‡0(LARL_NWRL_CONSORTIUM)13546 | |
| 650 | 7. | ‡aSleep ‡2fast ‡0(LARL_NWRL_CONSORTIUM)31137 | |
| 655 | 7. | ‡aNovels ‡2fast | |
| 655 | 7. | ‡aBoard books ‡2fast | |
| 655 | 7. | ‡aFiction ‡2fast | |
| 655 | 7. | ‡aJuvenile works ‡2fast | |
| 655 | 7. | ‡aBoard books. ‡2lcgft | |
| 655 | 7. | ‡aFiction. ‡2lcgft | |
| 655 | 7. | ‡aNovels. ‡2lcgft | |
| 700 | 1 | . | ‡aGabriel, Andrea, ‡eillustrator. ‡0(LARL_NWRL_CONSORTIUM)131074 |
| 901 | . | ‡a453591 ‡bAUTOGEN ‡c453591 ‡tbiblio | |

Add to basket
Permalink
Disable Highlighting